000 00523cam a22002174a 4500
005 20250605164256.0
008 250528s ||||||||||||||||||||||||d
035 _a21939
020 _a9781846793660
040 _aGR-AtMCL
_bgre
_dGR-AtMCL
_eAACR2
245 1 _aUNIVERSITY WRITING COURSE
250 _a1
260 _bExpress Publishing,
_c2007
300 _a120
700 1 _aDoyle Peter
_92050
700 1 _aMorley John
_97821
700 1 _aPople Ian
_97822
942 _cBK
999 _c6996
_d6996